Re-engendering translation: transcultural practice, gender-sexuality, and the politics of alterity
Zapisane w:
| 1. autor: | |
|---|---|
| Format: | Książka |
| Język: | angielski |
| Wydane: |
Manchester
St. Jerome Publishing
2011
|
| Wydanie: | 1a. ed |
| Hasła przedmiotowe: | |
| Etykiety: |
Dodaj etykietę
Nie ma etykietki, Dołącz pierwszą etykiete!
|
MARC
| LEADER | 00000cam a2200000 a 4500 | ||
|---|---|---|---|
| 001 | UCC7318 | ||
| 003 | CL-VaPUC | ||
| 008 | 190322e20110000uk |||||||||||||||||eng|d | ||
| 020 | |a 9781905763320 | ||
| 082 | 0 | 4 | |a 418.02 |b LAR |2 21 |
| 100 | 0 | |a Larkosh, Christopher |e author |9 601875 | |
| 245 | 1 | 0 | |a Re-engendering translation: transcultural practice, gender-sexuality, and the politics of alterity |
| 250 | |a 1a. ed | ||
| 300 | |a 151 p | ||
| 942 | |c BK | ||
| 945 | |d 20190322 14:57:00 |a dcastane | ||
| 260 | |a Manchester |b St. Jerome Publishing |c 2011 | ||
| 650 | 0 | |a Traducción e interpretación |9 315998 | |
| 650 | 0 | |a Género |9 395998 | |
| 650 | 0 | |a Sexualidad |9 358183 | |
| 583 | |a last modification |c 20190322 14:57:00 |k Rodrigo Vera | ||
| 999 | |c 373988 |d 373986 | ||
| 952 | |0 0 |1 0 |3 erb |4 0 |6 418_020000000000000_LAR_2011 |7 0 |8 A |9 492328 |a BIBEDU |b BIBEDU |i 5537479 |o 418.02 LAR 2011 |p 5537479 |r 2019-11-24 |w 2019-11-24 |y BK |z Catalogado en:20190322 |k CIT | ||